| 000 | 00836cam a2200217 4500 | ||
|---|---|---|---|
| 001 | WS114722 | ||
| 008 | 010921n 000 0 eng u | ||
| 035 | _a(Sirsi) u114722 | ||
| 110 |
_aEuropean Housing Forum _94142 |
||
| 245 | _aEuropean Housing Forum | ||
| 520 | _aPromotes the importance of the housing sector in Europe by creating awareness amongst EU policy makers about the impact of a growing number of EU decisions on domestic housing policies. Organises conferences and lectures open to all interested parties. | ||
| 650 | _aEUROPE | ||
| 650 | _aINTERNATIONAL | ||
| 650 | _aORGANISATION | ||
| 650 | _aEUROPEAN UNION | ||
| 650 | _aSTATISTICS | ||
| 650 | _aHABITAT | ||
| 690 | _aHOUSING | ||
| 856 | 4 | 0 |
_uhttps://www.europeanhousingforum.org _zView the website free of charge at www.europeanhousingforum.com |
| 942 | _n0 | ||
| 999 |
_c119909 _d119909 |
||